| 000 | 00407 a2200157 4500 | ||
|---|---|---|---|
| 003 | Nust | ||
| 005 | 20230712151025.0 | ||
| 040 | _cNust | ||
| 082 | _a891.427,BUT | ||
| 100 |
_aDoctor Muhammad Younas Butt _9111533 |
||
| 245 |
_aTU TU Main Main / _cDr Muhammad Younis Butt |
||
| 260 |
_aLahore _bSang Meel _c2002 |
||
| 300 | _a98 pages | ||
| 538 | _aAlmirah No.66 Shelf No.6 | ||
| 942 |
_2ddc _cBK _k891.427,BUT |
||
| 999 |
_c194207 _d194207 |
||